000 01071cab a2200229 4500
001 ABS40487
008 090401t1989 xxu||||| |||| 00| 0 eng d
035 _a(Sirsi) u24239
041 _aeng
100 _aKenny, P.H.
245 _aHousing Act 1988
260 _c1989
350 _a0
490 _aLaw Society`s Gazette
_v86(2) 11 January 1989, 14-17
520 _aThis series of four articles on the Housing Act 1988 discusses changes relating to the introduction of the new assured tenancy , transitional arrangements for tenancies created before the Act, protection from eviction , succession to existing Rent Act tenancies, premiums on long leases, amendments to the Landlord and Tenant Act 1987 and assured agricultural occupancies . The final article is concerned with changes to public sector housing provision.
650 _aCOUNCIL HOUSING
650 _aHOUSING ASSOCIATIONS
650 _aPROPERTY-RESIDENTIAL PROPERTY-RESIDENTIAL LANDLORD AND TENANT-RESIDENTIAL TENANCIES
690 _aBlock management
_96220
942 _n0
948 _c04/03/1997
999 _c16243
_d16243